000
00268nam a22000977a 4500
008
241204b |||||||| |||| 00| 0 eng d
020
_a
9788129151759
100
_a
Prabhudesai Devendra
_9
7615
245
_a
Winning Like Sachin
260
_a
New Delhi
_b
Rupa Publications
_c
2018
999
_c
12722
_d
12722